| 000 | 00648nam a2200217 a 4500 | ||
|---|---|---|---|
| 001 | BRCA_5222 | ||
| 005 | 20190320205005.0 | ||
| 008 | 261110s1939----enka######---#000-0#eng-# | ||
| 041 | _aeng | ||
| 044 | _aenk | ||
| 050 | 4 |
_aND673.R8 _b.R83 1939 |
|
| 245 | 1 | 0 |
_aRubens _bpaintings and drawings. |
| 260 |
_aGran Bretaña _bPhaidon _c1939 |
||
| 300 |
_a302 p. _bil. (algunas a color), 232 láminas _c27 cm. |
||
| 500 | _aIncluye tabla cronológica de la vida de Rubens | ||
| 500 | _aE56 | ||
| 504 | _aIncluye referencias bibliográficas e índice | ||
| 600 | 1 | 4 |
_aRubens, Peter Paul _d1577-1640 _vCatálogos _913374 |
| 902 | _aGFM | ||
| 942 |
_2lcc _cB |
||
| 999 |
_c4916 _d4916 |
||